Zhodnotenie konkurencie na slovenskom bankovom trhu

Konkurencia v bankovom sektore. Meranie konkurencie. Herfindahlov index. Hirschmanov index. Konkurencia na slovenskom bankovom trhu. Alternatívny spôsob určenia konkurenčného prostredia.

Na minha lista:
Detalhes bibliográficos
Autor principal: Střelecká, Zdenka
Formato: Capítulo de Livro
Idioma:eslovaco
Assuntos:
Tags: Adicionar Tag
Sem tags, seja o primeiro a adicionar uma tag!

MARC

LEADER 00000nla$a2200000$$$4500
001 0111305
005 20240502072231.0
041 0 |a slo 
044 |a SK 
245 1 0 |a Zhodnotenie konkurencie na slovenskom bankovom trhu  |c Zdenka Střelecká 
520 |a Konkurencia v bankovom sektore. Meranie konkurencie. Herfindahlov index. Hirschmanov index. Konkurencia na slovenskom bankovom trhu. Alternatívny spôsob určenia konkurenčného prostredia. 
610 2 0 |a banky 
610 2 0 |a konkurencia trhová 
610 2 0 |a aktíva 
610 2 0 |a vklady 
610 2 0 |a úver bankový 
610 2 0 |a indexy 
100 1 |a Střelecká, Zdenka